|
|
|
|
| LEADER |
00838pam a22002418a 4500 |
| 001 |
00046115 |
| 005 |
20201214091239.0 |
| 008 |
110405s2003 ||||||Viesd |
| 020 |
# |
# |
|c 0
|
| 041 |
0 |
# |
|a Vie
|
| 082 |
1 |
4 |
|a 330.071
|b GI108TR
|
| 110 |
1 |
# |
|a Học viên Chính trị - Hành chính Quốc gia Hồ Chí Minh
|b Viện Kinh tế
|
| 245 |
0 |
0 |
|a Giáo trình quản lý kinh tế
|b Hệ cử nhân chính trị
|
| 250 |
# |
# |
|a Tái bản lần thứ 14
|
| 260 |
# |
# |
|a Hà Nội
|b Chính trị - Hành chính
|c 2013
|
| 300 |
# |
# |
|a 319 tr.
|c 21 cm
|
| 541 |
# |
# |
|a tặng, giá bìa 55000
|
| 653 |
# |
# |
|a Giáo trình
|
| 653 |
# |
# |
|a Kinh tế
|
| 653 |
# |
# |
|a Quản lý
|
| 852 |
# |
# |
|j KD.0027657
|
| 910 |
# |
# |
|d 14/12/2020
|
| 980 |
# |
# |
|a Trung tâm Học liệu Lê Vũ Hùng, Trường Đại học Đồng Tháp
|